000 00353nam a2200133Ia 4500
008 240624s9999 xx 000 0 und d
041 _aeng
082 _a300 OMV
100 _aOMVEDT GAIL
245 _aUNDERSTANDING CASTE FROM BUDDHA TO AMBED
260 _c2012
_aHyderabad
_bOrient BlackSwan
300 _axii, : 124 : p. : cm. ; 22
365 _cRS
_b30
999 _c19811
_d19811